[Event "FIDE World Blitz 2014"]
[Site "Dubai UAE"]
[Date "2014.06.19"]
[Round "8.33"]
[White "Mchedlishvili, Mikheil"]
[Black "Breckenridge, Steven James"]
[Result "0-1"]
[WhiteTitle "GM"]
[BlackTitle "FM"]
[WhiteElo "2632"]
[BlackElo "2299"]
[WhiteFideId "13600966"]
[BlackFideId "2043700"]
[EventDate "2014.06.19"]

1. Nf3 Nf6 2. g3 e6 3. Bg2 d5 4. O-O Be7 5. d3 O-O 6. Nbd2 b6 7. e4 dxe4 8. dxe4
Bb7 9. Qe2 c5 10. e5 Nd5 11. Ne4 c4 12. Rd1 Qc7 13. h4 Nd7 14. Bg5 Nxe5 15. Nxe5
Qxe5 16. Bxe7 Nxe7 17. Rd7 Qxb2 18. Rad1 Bxe4 19. Bxe4 Nd5 20. Bxd5 exd5 21.
R1xd5 Qxa2 22. Kg2 Qa4 23. Qe4 Rae8 24. Qf5 Qc6 25. Rd6 Qa8 26. Kh2 Re2 27. Rd7
Qc8 28. c3 a5 29. Qf3 Re6 30. Ra7 Rf6 31. Qe3 Qc6 32. Rdd7 Qf3 33. Kg1 Qxe3 34.
fxe3 Rf3 35. Re7 Rxg3+ 36. Kf2 Rh3 37. Reb7 Rxh4 38. Rxb6 Rh2+ 39. Kf3 Rc2 40.
Rxa5 Rxc3 41. Rc5 Re8 0-1

[Event "FIDE World Blitz 2014"]
[Site "Dubai UAE"]
[Date "2014.06.19"]
[Round "8.34"]
[White "Debashis, Das"]
[Black "Kasimdzhanov, Rustam"]
[Result "0-1"]
[WhiteTitle "GM"]
[BlackTitle "GM"]
[WhiteElo "2484"]
[BlackElo "2700"]
[WhiteFideId "5024854"]
[BlackFideId "14200244"]
[EventDate "2014.06.19"]

1. d4 g6 2. c4 Bg7 3. Nc3 c5 4. d5 Bxc3+ 5. bxc3 f5 6. e4 fxe4 7. f3 d6 8. fxe4
Nf6 9. Bd3 Bg4 10. Nf3 Nbd7 11. h3 Bxf3 12. gxf3 Nh5 13. f4 e5 14. dxe6 Qh4+ 15.
Kf1 Ne5 16. Qa4+ Nc6 17. Rb1 O-O 18. f5 Ng3+ 19. Kg2 Nxh1 0-1

[Event "FIDE World Blitz 2014"]
[Site "Dubai UAE"]
[Date "2014.06.19"]
[Round "8.35"]
[White "Nielsen, Peter Heine"]
[Black "Anton Guijarro, David"]
[Result "0-1"]
[WhiteTitle "GM"]
[BlackTitle "GM"]
[WhiteElo "2654"]
[BlackElo "2631"]
[WhiteFideId "1400355"]
[BlackFideId "2285525"]
[EventDate "2014.06.19"]

1. Nf3 Nf6 2. c4 g6 3. Nc3 Bg7 4. g3 O-O 5. Bg2 Re8 6. d4 d6 7. O-O Nbd7 8. e4
e5 9. b3 a6 10. Re1 exd4 11. Nxd4 Rb8 12. Bf4 Ne5 13. a4 Nfd7 14. Ra2 Nc5 15.
Rd2 Bg4 16. f3 Bd7 17. Be3 Qc8 18. Qc2 h5 19. h4 Nc6 20. Nd5 Ne5 21. Bg5 Kh7 22.
Nf6+ Bxf6 23. Bxf6 Bh3 24. Bh1 Ne6 25. Ne2 b5 26. axb5 axb5 27. cxb5 Rxb5 28.
Kh2 Nc5 29. Nd4 Rb6 30. Rdd1 Ne6 31. Bxe5 dxe5 32. Ne2 c5 33. Ng1 Nd4 34. Rxd4
cxd4 35. Nxh3 Qxc2+ 0-1

[Event "FIDE World Blitz 2014"]
[Site "Dubai UAE"]
[Date "2014.06.19"]
[Round "8.36"]
[White "Sriram, Jha"]
[Black "Lenic, Luka"]
[Result "0-1"]
[WhiteTitle "GM"]
[BlackTitle "GM"]
[WhiteElo "2375"]
[BlackElo "2659"]
[WhiteFideId "5001668"]
[BlackFideId "14603853"]
[EventDate "2014.06.19"]

1. Nf3 d5 2. g3 c6 3. Bg2 Bg4 4. O-O Nd7 5. d4 e6 6. Nbd2 Ngf6 7. Re1 Be7 8. e4
O-O 9. c3 a5 10. a4 Bh5 11. e5 Ne8 12. Nb3 Nb6 13. Bf4 Nc4 14. Qc1 b5 15. Nfd2
Qb6 16. Nxc4 bxc4 17. Nd2 Bg6 18. Ra2 Rb8 19. h4 Nc7 20. Qd1 Na6 21. Bf1 h6 22.
h5 Bh7 23. Qg4 Bf5 24. Qf3 c5 25. g4 Bh7 26. Be3 cxd4 27. Bxd4 Bc5 28. Bxc5 Nxc5
29. Qf4 Bd3 30. Bg2 Bc2 31. Bf1 Bd3 32. Bg2 Qd8 33. Qe3 Qe7 34. f4 Rb7 35. f5
Nb3 36. Nxb3 Rxb3 37. f6 Qc7 38. fxg7 Kxg7 39. Qf4 Qe7 40. Re3 Qg5 41. Qxg5+
hxg5 42. Bf1 Bb1 43. Ra1 Rxb2 44. Re1 Bh7 45. Re2 Rfb8 46. Ra2 Rxa2 47. Rxa2 Rb3 0-1

[Event "FIDE World Blitz 2014"]
[Site "Dubai UAE"]
[Date "2014.06.19"]
[Round "8.37"]
[White "Fier, Alexandr"]
[Black "Korobov, Anton"]
[Result "0-1"]
[WhiteTitle "GM"]
[BlackTitle "GM"]
[WhiteElo "2580"]
[BlackElo "2680"]
[WhiteFideId "2107139"]
[BlackFideId "14105730"]
[EventDate "2014.06.19"]

1. e4 c5 2. Nf3 d6 3. d4 cxd4 4. Nxd4 Nf6 5. Nc3 a6 6. Bg5 Nbd7 7. Bc4 Qb6 8.
Bb3 e6 9. Bxf6 Nxf6 10. f4 g6 11. Qd2 Bh6 12. Nde2 Bd7 13. O-O-O Rd8 14. h3 Bc6
15. Qd3 O-O 16. Kb1 Nd7 17. f5 Nc5 18. Qd4 Qc7 19. Ng3 b5 20. h4 Bf4 21. Nge2
Be5 22. Qe3 b4 23. Nd5 exd5 24. exd5 Bd7 25. g4 Rde8 26. Qf3 gxf5 27. g5 Ne4 28.
Rhg1 Qc5 29. h5 Qf2 30. Qd3 Bb5 31. Bc4 Nc5 0-1

[Event "FIDE World Blitz 2014"]
[Site "Dubai UAE"]
[Date "2014.06.19"]
[Round "8.38"]
[White "Savchenko, Boris"]
[Black "Ganguly, Surya Shekhar"]
[Result "1/2-1/2"]
[WhiteTitle "GM"]
[BlackTitle "GM"]
[WhiteElo "2581"]
[BlackElo "2619"]
[WhiteFideId "4147332"]
[BlackFideId "5002150"]
[EventDate "2014.06.19"]

1. e4 c5 2. Nf3 e6 3. c3 Nc6 4. d4 d5 5. e5 Qb6 6. a3 Nh6 7. b4 cxd4 8. cxd4 Nf5
9. Be3 f6 10. exf6 gxf6 11. Bd3 Nxe3 12. fxe3 Bh6 13. Qe2 e5 14. Nc3 Be6 15. Na4
Qc7 16. Nc5 Bg4 17. h3 Bh5 18. g4 Bf7 19. Bf5 e4 20. Bd7+ Kd8 21. O-O exf3 22.
Qxf3 Bg5 23. Rac1 Ke7 24. b5 Na5 25. Be6 Nc4 26. Bxf7 Kxf7 27. Qxd5+ Kg6 28.
Qe4+ Kh6 29. Rxc4 b6 30. Ne6 Qg3+ 31. Qg2 Qxe3+ 32. Kh1 Qxe6 33. Rc6 Qe3 34. Rf3
Qxd4 35. h4 Bxh4 36. Rh3 Qd1+ 37. Kh2 Kg5 38. Rxh4 Kxh4 39. Qh3+ Kg5 40. Qh5+
Kf4 41. Qf5+ Ke3 42. Re6+ Kd2 43. Qd5+ Kc1 44. Rc6+ Qc2+ 45. Kg3 Rac8 46. Rxc2+
Rxc2 47. Qd4 Rhc8 48. a4 f5 49. Qf4+ Kb1 50. Qf1+ Ka2 51. gxf5 R8c4 52. f6 R2c3+
53. Kg2 Rc2+ 54. Kg3 R2c3+ 55. Kg2 Rg4+ 56. Kh2 Rh4+ 57. Kg2 Rcc4 58. Qf2+ Ka3
59. f7 Rcg4+ 60. Kf1 Rf4 61. f8=Q+ Rxf8 62. Qxf8+ Kxa4 63. Qe7 Rb4 64. Qxa7+
Kxb5 65. Qxh7 Rb3 66. Ke2 Kb4 67. Kd2 b5 68. Qe7+ Kc4 69. Qe4+ Kc5 70. Qe5+ Kb4
71. Kc2 Ra3 72. Qd6+ Ka4 73. Qc6 Ra2+ 74. Kc3 Ra3+ 75. Kb2 Rb3+ 76. Kc2 Ra3 77.
Qa8+ Kb4 78. Qe4+ Ka5 79. Qd4 b4 80. Qc5+ Ka4 81. Qc6+ Ka5 82. Qc5+ Ka4 83. Qa7+
Kb5 84. Qb7+ Ka5 85. Qd5+ Ka4 86. Qa8+ Kb5 87. Qb7+ Ka5 88. Qd5+ Ka4 89. Kb2 Rc3
90. Qe5 Ra3 91. Qc5 Rb3+ 92. Ka2 Ra3+ 93. Kb2 1/2-1/2

[Event "FIDE World Blitz 2014"]
[Site "Dubai UAE"]
[Date "2014.06.19"]
[Round "8.39"]
[White "Al-Sayed, Mohammed"]
[Black "Eljanov, Pavel"]
[Result "0-1"]
[WhiteTitle "GM"]
[BlackTitle "GM"]
[WhiteElo "2505"]
[BlackElo "2723"]
[WhiteFideId "12100196"]
[BlackFideId "14102951"]
[EventDate "2014.06.19"]

1. Nf3 Nf6 2. g3 b6 3. Bg2 Bb7 4. c4 e6 5. d4 Be7 6. Nc3 Ne4 7. Bd2 Bf6 8. O-O
O-O 9. Ne5 Nxc3 10. Bxc3 Bxg2 11. Kxg2 c5 12. Ng4 Bxd4 13. Bxd4 cxd4 14. Qxd4
Nc6 15. Qd6 Qg5 16. Ne3 Rfd8 17. Rfd1 Qc5 18. Qf4 Ne5 19. Rd2 Qc6+ 20. Kg1 d6
21. Rad1 Rd7 22. b3 Rad8 23. Nc2 a6 24. Nb4 Qb7 25. Qd4 h5 26. f4 Ng4 27. h3 Nf6
28. Rd3 Ne4 29. Qe3 b5 30. cxb5 axb5 31. Rd4 d5 32. Nd3 Rc8 33. Nf2 Rc3 34. R4d3
Rxd3 35. Rxd3 Nd6 36. Rc3 b4 37. Rc2 Rc7 38. Qd3 Qb6 39. Rxc7 Qxc7 40. Qd4 Qc3
41. Qxc3 bxc3 42. Nd3 f6 43. a4 c2 44. a5 e5 45. fxe5 fxe5 46. a6 Nb5 47. Kf2 e4
48. Nc1 d4 49. Ke1 e3 50. Kf1 g5 51. g4 hxg4 52. hxg4 Kf7 53. Kg2 Ke6 54. Kf3
Ke5 55. b4 Kd5 56. Nd3 Na7 57. Nc1 Kc4 58. Ke4 Kc3 59. Kd5 Kd2 60. Nb3+ Kxe2 61.
Kxd4 Kf2 62. Nc1 e2 63. Nd3+ Kf1 64. Kc3 c1=Q+ 0-1

[Event "FIDE World Blitz 2014"]
[Site "Dubai UAE"]
[Date "2014.06.19"]
[Round "8.40"]
[White "Inarkiev, Ernesto"]
[Black "Adly, Ahmed"]
[Result "1-0"]
[WhiteTitle "GM"]
[BlackTitle "GM"]
[WhiteElo "2682"]
[BlackElo "2594"]
[WhiteFideId "4162722"]
[BlackFideId "10601619"]
[EventDate "2014.06.19"]

1. e4 c5 2. Nf3 d6 3. d4 cxd4 4. Nxd4 Nf6 5. Nc3 a6 6. h3 e5 7. Nde2 b5 8. g4
Bb7 9. Bg2 Nbd7 10. a4 b4 11. Nd5 Nxd5 12. exd5 Qa5 13. c3 bxc3 14. Nxc3 Be7 15.
O-O O-O 16. Bd2 Qb6 17. a5 Qd8 18. b4 Bg5 19. Bxg5 Qxg5 20. Ne4 Qe7 21. Rc1 Rac8
22. Qd3 g6 23. Ng3 Qg5 24. Qe3 Qe7 25. Rxc8 Rxc8 26. Rc1 Rxc1+ 27. Qxc1 Nf6 28.
Qc4 h6 29. b5 axb5 30. Qxb5 Qc7 31. a6 Bc8 32. Bf1 Kf8 33. Qc6 Qxc6 34. dxc6 Nd5
35. Ne4 Ke7 36. a7 Nc7 37. Nc3 Na8 38. Nd5+ Kd8 39. Bb5 Be6 40. c7+ Kc8 41. Ba6+ 1-0

[Event "FIDE World Blitz 2014"]
[Site "Dubai UAE"]
[Date "2014.06.19"]
[Round "8.41"]
[White "Georgiev, Kiril"]
[Black "Ringoir, Tanguy"]
[Result "0-1"]
[WhiteTitle "GM"]
[BlackTitle "IM"]
[WhiteElo "2644"]
[BlackElo "2506"]
[WhiteFideId "2900017"]
[BlackFideId "208027"]
[EventDate "2014.06.19"]

1. d4 f5 2. Nc3 Nf6 3. Bg5 d5 4. Bxf6 exf6 5. e3 Be6 6. Bd3 Nc6 7. a3 Qd7 8. Qf3
O-O-O 9. Nge2 Kb8 10. h3 h5 11. O-O-O g6 12. g3 Ne7 13. Nf4 Bf7 14. Rhg1 g5 15.
Nfe2 g4 16. Qg2 Nc8 17. Rh1 Bg7 18. Nf4 c6 19. f3 Nd6 20. Qf2 Rde8 21. Rde1 gxf3
22. Qxf3 Ne4 23. Bxe4 fxe4 24. Qf2 Bh6 25. Kb1 Reg8 26. Nce2 Qf5 27. Ref1 Be8
28. Qe1 Bd7 29. Qb4 Bf8 30. Qe1 Bd6 31. Rf2 Qg5 32. Rff1 Qf5 33. Ka2 Qg5 34. Rf2
Qf5 35. Qf1 Qg5 36. Rg1 Rh7 37. Qe1 Rhg7 38. Rh1 Qh6 39. Rg2 Bc8 40. Rgg1 Bd7
41. g4 h4 42. Rf1 f5 43. gxf5 Bxf5 44. Nxd5 Be6 45. c4 cxd5 46. c5 Bc7 47. Qb4
Qxe3 48. Nc3 Rg2 49. c6 b6 50. Rf8+ Rxf8 51. Qxf8+ Bc8 52. Nb5 Qe2 53. Qb4 a5
54. Qb3 Ba6 55. a4 Bxb5 56. axb5 Qc4 57. Qxc4 dxc4 58. Re1 c3 59. Rxe4 Rxb2+ 60.
Ka1 Rd2 61. Re8+ Ka7 62. Re7 Rd1+ 63. Ka2 c2 64. Rxc7+ Kb8 65. Rb7+ Kc8 66. Rg7
c1=Q 0-1

[Event "FIDE World Blitz 2014"]
[Site "Dubai UAE"]
[Date "2014.06.19"]
[Round "8.44"]
[White "Sandipan, Chanda"]
[Black "Yu, Yangyi"]
[Result "1/2-1/2"]
[WhiteTitle "GM"]
[BlackTitle "GM"]
[WhiteElo "2594"]
[BlackElo "2675"]
[WhiteFideId "5004225"]
[BlackFideId "8603820"]
[EventDate "2014.06.19"]

1. d4 d5 2. Bf4 Nf6 3. e3 g6 4. Nf3 Bg7 5. Bd3 O-O 6. O-O Bg4 7. Nbd2 c6 8. h3
Bxf3 9. Nxf3 Qb6 10. b3 Nbd7 11. c4 e6 12. Rb1 Rfe8 13. Bh2 Ne4 14. Qc2 f5 15.
c5 Qd8 16. b4 a6 17. a4 e5 18. Bxe4 fxe4 19. Nxe5 Nxe5 20. Bxe5 Bxe5 21. dxe5
Rxe5 22. b5 axb5 23. axb5 Qf6 24. bxc6 bxc6 25. Rb7 Rf8 26. Rfb1 Rf5 27. Rb8 Qe5
28. Rxf8+ Rxf8 29. Qb2 Qe7 30. Qd4 Qf7 31. Rb2 h5 32. Qe5 Qf6 33. Qxf6 Rxf6 34.
Rb7 Rf7 35. Rb8+ Rf8 36. Rb6 Rf6 37. h4 Kg7 38. Rb7+ Kh6 39. Rb8 Kg7 40. Rb7+
Rf7 41. Rb6 Rc7 42. Rb8 Kf6 43. Kh2 Ra7 44. Rc8 Ra6 45. Kg3 Kf5 46. Rc7 Ke5 47.
Re7+ Kf6 48. Rd7 Ke5 49. Rd6 Kf5 50. Kh3 Ra2 51. Kg3 Ra6 52. Kh3 Ra2 53. Kg3 Ra6 1/2-1/2

[Event "FIDE World Blitz 2014"]
[Site "Dubai UAE"]
[Date "2014.06.19"]
[Round "8.45"]
[White "Goloshchapov, Alexander"]
[Black "Sokolov, Ivan"]
[Result "0-1"]
[WhiteTitle "GM"]
[BlackTitle "GM"]
[WhiteElo "2586"]
[BlackElo "2650"]
[WhiteFideId "14103222"]
[BlackFideId "14400030"]
[EventDate "2014.06.19"]

1. d4 Nf6 2. c4 e6 3. Nf3 d5 4. g3 Bb4+ 5. Bd2 Bd6 6. Bg2 c6 7. b3 Ne4 8. O-O
Nd7 9. Qc2 O-O 10. Nc3 Nxd2 11. Qxd2 Bc7 12. Rfd1 Qe7 13. e4 dxc4 14. bxc4 e5
15. d5 Ba5 16. Qe3 Bb6 17. Qe2 Nc5 18. h4 Bg4 19. Kh2 Rad8 20. Bh3 Bxf3 21. Qxf3
Rd6 22. Qe2 Rf6 23. Rf1 Rd8 24. Rad1 g6 25. h5 Na6 26. Kg2 Bd4 27. Nb1 Nc5 28.
Nd2 Na4 29. Rc1 cxd5 30. cxd5 Nc3 31. Qc4 b5 32. Qb3 Ne2 33. Rce1 Nc3 34. Rc1 b4
35. Bg4 a5 36. Qc4 a4 37. a3 Rb6 38. Nf3 Qf6 39. Nxd4 exd4 40. Rfe1 b3 41. e5
Qg5 42. Qxd4 b2 43. Rxc3 b1=Q 44. Rxb1 Rxb1 45. d6 gxh5 46. Bf3 h4 47. Qxh4 Qxh4
48. gxh4 Rb3 49. Rc7 Rxa3 50. d7 Rd3 51. Bg4 Kf8 52. f4 a3 53. Ra7 Rb8 54. Be2
Rd2 55. Kf2 Rbb2 56. Kf3 Rb3+ 57. Kg4 Ke7 58. Bc4 Rg2+ 59. Kf5 Rb8 60. Bxf7 Rf8
61. e6 a2 62. Ke5 Re2+ 63. Kd5 Rd2+ 64. Ke5 Re2+ 65. Kd5 Rd2+ 66. Ke5 Re2+ 67.
Kf5 Rb8 68. Kg5 Rb1 69. Ra8 Rg2+ 70. Kh6 Rd1 71. f5 Kf6 72. e7 Kxe7 73. Bxa2
Rxd7 0-1

[Event "FIDE World Blitz 2014"]
[Site "Dubai UAE"]
[Date "2014.06.19"]
[Round "8.47"]
[White "Durarbayli, Vasif"]
[Black "Glek, Igor"]
[Result "1-0"]
[WhiteTitle "GM"]
[BlackTitle "GM"]
[WhiteElo "2590"]
[BlackElo "2438"]
[WhiteFideId "13402935"]
[BlackFideId "4100484"]
[EventDate "2014.06.19"]

1. e4 e5 2. Nf3 d6 3. Bc4 c6 4. d3 Be7 5. Bb3 Nf6 6. c3 O-O 7. Nbd2 Nbd7 8. O-O
Nc5 9. Bc2 Ne6 10. Re1 h6 11. Nf1 Nh7 12. d4 Nhg5 13. dxe5 Nxf3+ 14. Qxf3 dxe5
15. Ng3 Bg5 16. Rd1 Qf6 17. Qxf6 Bxf6 18. Nf5 Bg5 19. Bxg5 Nxg5 20. Ne7+ Kh8 21.
Nxc8 Raxc8 22. Rd7 Rb8 23. Rad1 Ne6 24. f3 Nc5 25. Re7 Rbe8 26. Rxe8 Rxe8 27. b4
Ne6 28. Rd7 Rd8 29. Rxf7 Rd2 30. Bb3 Nf4 31. g3 Nh3+ 32. Kf1 Rxh2 33. Rf8+ Kh7
34. Bg8+ Kg6 35. Be6 Ng5 36. Bf5+ Kh5 37. Bg4+ Kg6 38. f4 Nh3 39. fxe5 Ng5 40.
e6 1-0

[Event "FIDE World Blitz 2014"]
[Site "Dubai UAE"]
[Date "2014.06.19"]
[Round "8.48"]
[White "Al-Modiahki, Mohamad"]
[Black "Maletin, Pavel"]
[Result "1-0"]
[WhiteTitle "GM"]
[BlackTitle "GM"]
[WhiteElo "2549"]
[BlackElo "2588"]
[WhiteFideId "12100030"]
[BlackFideId "4146786"]
[EventDate "2014.06.19"]

1. e4 c5 2. Nc3 e6 3. f4 Nc6 4. Nf3 d5 5. Bb5 Ne7 6. Qe2 dxe4 7. Ne5 Bd7 8. Nxd7
Qxd7 9. Nxe4 Nf5 10. c3 Bd6 11. d3 a6 12. Ba4 b5 13. Bc2 O-O 14. O-O Rac8 15.
Qh5 Rfe8 16. g4 Nfe7 17. d4 f5 18. Ng5 h6 19. Qf7+ Kh8 20. Nxe6 Rg8 21. gxf5 Nd8
22. Nxd8 Rcxd8 23. Qe6 Qa7 24. Be3 Rge8 25. Qf7 Rf8 26. Qh5 cxd4 27. cxd4 Nd5
28. Bf2 Bxf4 29. Rae1 Nf6 30. Qf3 Bxh2+ 31. Kxh2 Qc7+ 32. Bg3 Qxc2+ 33. Re2 Qc4
34. Be5 Rxd4 35. Bxd4 Qxd4 36. Rg2 Re8 37. Qg3 Re7 38. Re1 Ng4+ 39. Kh3 Nf2+ 40.
Rxf2 Rxe1 41. f6 Rh1+ 42. Kg2 Qe4+ 43. Rf3 g5 44. Qb8+ Kh7 45. Qc7+ Kg6 46. Qg7+
Kh5 47. Qf7+ Kg4 48. Qd7+ Kh4 1-0

[Event "FIDE World Blitz 2014"]
[Site "Dubai UAE"]
[Date "2014.06.19"]
[Round "8.49"]
[White "Kovalev, Vladislav"]
[Black "Kryvoruchko, Yuriy"]
[Result "0-1"]
[WhiteTitle "GM"]
[BlackTitle "GM"]
[WhiteElo "2554"]
[BlackElo "2707"]
[WhiteFideId "13504398"]
[BlackFideId "14109182"]
[EventDate "2014.06.19"]

1. e4 e5 2. Nf3 Nc6 3. Bc4 Bc5 4. d3 Nf6 5. O-O d6 6. c3 a6 7. Bb3 O-O 8. Re1 h6
9. Nbd2 Ba7 10. Nf1 Be6 11. Ng3 Qd7 12. Be3 Bxe3 13. fxe3 Rfe8 14. Qe2 Rad8 15.
Bxe6 Qxe6 16. c4 Ne7 17. Nh4 c6 18. Nhf5 d5 19. Nxe7+ Rxe7 20. cxd5 cxd5 21.
exd5 Qxd5 22. Red1 Red7 23. Rd2 Qe6 24. a3 g6 25. Rf1 h5 26. Qf3 Kg7 27. h3 Rxd3
28. Rdf2 R8d6 29. Qxb7 Rd1 30. Qf3 Rxf1+ 31. Rxf1 Qc4 32. Qb7 Qd3 33. Rf3 h4 34.
Nf1 Qc4 35. Qe7 Re6 36. Qb7 Rc6 37. Qe7 Qd5 38. Qb4 e4 39. Rf2 Qe6 40. Qd4 Rd6
41. Qc3 Rd3 42. Qc5 Nd5 43. Qa7 Rd1 44. Qc5 Kh7 45. b4 Re1 46. Qa7 Kg8 47. Qb8+
Kg7 48. Qa7 Nxe3 49. Qd4+ Kh7 50. Qd2 Rxf1+ 51. Rxf1 Nxf1 52. Kxf1 Qc4+ 53. Kg1
Qe6 54. Qf4 Qe7 55. Kf2 f5 56. Ke3 Qa7+ 57. Ke2 Qe7 58. Ke3 Kg7 59. Qb8 Qg5+ 60.
Kf2 Qd2+ 61. Kg1 Qd4+ 62. Kh1 e3 63. Qb7+ Kh6 64. Qb8 e2 65. Qf8+ Kh5 66. g4+
hxg3 67. Qe7 Qe4+ 0-1

[Event "FIDE World Blitz 2014"]
[Site "Dubai UAE"]
[Date "2014.06.19"]
[Round "8.50"]
[White "Taleb, Moussa"]
[Black "Zhigalko, Sergei"]
[Result "1-0"]
[WhiteTitle "GM"]
[BlackTitle "GM"]
[WhiteElo "2406"]
[BlackElo "2678"]
[WhiteFideId "9300201"]
[BlackFideId "13502956"]
[EventDate "2014.06.19"]

1. Nf3 Nf6 2. d4 e6 3. Bg5 h6 4. Bh4 b6 5. Nbd2 Bb7 6. e3 Be7 7. c3 d6 8. Bd3
Nbd7 9. Qe2 a6 10. e4 Nh5 11. Bg3 c5 12. dxc5 Nxc5 13. Bc2 Qc7 14. O-O b5 15.
Nb3 Nd7 16. Nfd4 Nxg3 17. hxg3 Ne5 18. a4 bxa4 19. Rxa4 O-O 20. Na5 Bc8 21. f4
Bd7 22. Raa1 Ng6 23. f5 Ne5 24. fxe6 Bxe6 25. Nxe6 fxe6 26. Rxf8+ Rxf8 27. Nb3
Qb6+ 28. Nd4 Qxb2 29. Rb1 Qxc3 30. Nxe6 Rf6 31. Nf4 Qxg3 32. Nh5 Nf3+ 33. Kf1
Nd2+ 34. Kg1 Nf3+ 35. Kf1 Nd4+ 36. Nxf6+ Bxf6 37. Rb8+ Kf7 38. Qc4+ Kg6 39. e5+
Nxc2 40. Qxc2+ Kg5 41. exf6 gxf6 42. Qd2+ Kh5 43. Qe2+ Kh4 44. Rb4+ Kg5 45. Qd2+
Kg6 46. Rf4 Qh2 47. Qd3+ Kg7 48. Qf5 Qh1+ 49. Kf2 Qa1 50. Rg4+ Kf7 51. Qd7+ Kf8
52. Qg7+ Ke8 53. Qg8+ Kd7 54. Rg7+ Kc6 55. Qc4+ Kb6 56. Qb4+ Kc6 57. Qb7+ Kc5
58. Rc7+ Kd4 59. Qb4+ Ke5 60. Re7+ Kd5 61. Qe4+ Kc5 62. Rc7+ Kb6 63. Qc6+ Ka5
64. Qc3+ Qxc3 65. Rxc3 Kb5 66. Rf3 a5 67. Rxf6 d5 68. Rxh6 a4 69. g4 a3 70. g5
a2 71. Rh1 1-0

[Event "FIDE World Blitz 2014"]
[Site "Dubai UAE"]
[Date "2014.06.19"]
[Round "8.51"]
[White "Faisal, Abdulla"]
[Black "Al Qudaimi, Basheer"]
[Result "0-1"]
[WhiteTitle "CM"]
[BlackTitle "IM"]
[WhiteElo "2270"]
[BlackElo "2396"]
[WhiteFideId "9301232"]
[BlackFideId "9400346"]
[EventDate "2014.06.19"]

1. d4 d5 2. Nf3 e6 3. e3 c5 4. c3 Nc6 5. Nbd2 Nf6 6. a3 a5 7. Bd3 Bd6 8. O-O O-O
9. dxc5 Bxc5 10. e4 Qc7 11. exd5 exd5 12. Nb3 Bd6 13. h3 Bd7 14. Be3 Ne5 15.
Nxe5 Bxe5 16. Nd4 Rfe8 17. Qf3 Bc6 18. Rad1 Ne4 19. Nf5 Kh8 20. Bd4 Ba4 21. Bxe5
Qxe5 22. Rde1 Bc6 23. Qg4 Qf6 24. Re2 Nc5 25. Rfe1 Nxd3 26. Rxe8+ Rxe8 27. Rxe8+
Bxe8 28. Qf3 Ne5 29. Qf4 g5 0-1

[Event "FIDE World Blitz 2014"]
[Site "Dubai UAE"]
[Date "2014.06.19"]
[Round "9.7"]
[White "Van Wely, Loek"]
[Black "Dubov, Daniil"]
[Result "1/2-1/2"]
[WhiteTitle "GM"]
[BlackTitle "GM"]
[WhiteElo "2654"]
[BlackElo "2614"]
[WhiteFideId "1000268"]
[BlackFideId "24126055"]
[EventDate "2014.06.19"]

1. d4 Nf6 2. c4 c5 3. d5 b5 4. cxb5 a6 5. bxa6 g6 6. Nc3 Bxa6 7. e4 Bxf1 8. Kxf1
d6 9. h3 Bg7 10. Nge2 O-O 11. Kg1 Nbd7 12. Kh2 Ra6 13. Qc2 Qa8 14. a4 c4 15. Nb5
Rc8 16. Be3 Nc5 17. Bxc5 Rxc5 18. Ned4 Nd7 19. Ra3 Ne5 20. Rd1 Nd3 21. Kg1 h5
22. Rb1 h4 23. b4 Rc8 24. Nc6 Rcxc6 25. dxc6 Qxc6 26. Qe2 Be5 27. Nc3 Qb7 28. b5
Ra5 29. Nd5 e6 30. Nb4 Nxb4 31. Rxb4 c3 32. Rc4 d5 33. exd5 Qxd5 34. b6 Kg7 35.
Rcxc3 Bxc3 36. Rxc3 Rxa4 37. Qb2 Qd1+ 38. Kh2 Qd6+ 39. Kg1 Qd1+ 40. Kh2 Qd6+ 41.
g3 hxg3+ 42. Rxg3+ Kh7 43. b7 Rb4 44. Qa3 Qf4 45. Qf3 Qxf3 46. Rxf3 Rxb7 47. Ra3
g5 48. Ra4 Kg6 49. h4 Rb2 50. Kg2 gxh4 51. Rxh4 Rb5 52. Ra4 Kf5 53. Kg3 Rb8 54.
f3 e5 55. Ra7 f6 56. Ra6 Rb3 57. Ra5 Rd3 58. Rb5 Kg5 59. Ra5 Re3 60. Rb5 Kf5 61.
Ra5 Re2 62. Rb5 Ra2 63. Rc5 Ra6 64. Rb5 Ke6 65. Rb8 Ra3 66. Rb6+ Kf5 67. Rb5 Kg6
68. Kf2 Kg5 69. Kg3 Re3 70. Ra5 Kf5 71. Rb5 Re1 72. Ra5 Rg1+ 73. Kf2 Rg7 74. Ra6
Rh7 75. Kg3 Rg7+ 76. Kf2 Rd7 77. Kg3 Rd3 78. Ra5 Ke6 79. Ra6+ Rd6 80. Ra8 f5 81.
Re8+ Kd5 82. Rf8 f4+ 83. Kf2 Kc4 84. Re8 Rd2+ 85. Ke1 Rd5 86. Ke2 Kd4 87. Re7
Rb5 88. Rd7+ Kc4 89. Rc7+ Kd5 90. Rd7+ Ke6 91. Rd8 Rb2+ 92. Ke1 Kf5 93. Rd5 Rb3
94. Kf2 Rb2+ 95. Kf1 Ke6 96. Rd8 Rb7 97. Ke2 Rd7 98. Ra8 Kf5 99. Rf8+ Kg5 100.
Re8 Kf6 101. Rf8+ Rf7 102. Re8 Kf5 103. Kf2 Ra7 104. Ke2 Ra2+ 105. Ke1 Ra5 106.
Ke2 Kg5 107. Kf2 Ra2+ 108. Kf1 Ra1+ 109. Kf2 Ra2+ 110. Kf1 Kh4 111. Rg8 Kh3 112.
Rg4 Ra1+ 113. Kf2 Ra2+ 114. Kf1 Ra3 115. Kf2 Ra4 116. Rg8 Ra2+ 117. Kf1 Rh2 118.
Rg5 Rh1+ 119. Kf2 Rh2+ 120. Kf1 Kh4 121. Rg8 Ra2 122. Rg7 Ra3 123. Kf2 1/2-1/2

[Event "FIDE World Blitz 2014"]
[Site "Dubai UAE"]
[Date "2014.06.19"]
[Round "9.8"]
[White "Fressinet, Laurent"]
[Black "Michalik, Peter"]
[Result "1/2-1/2"]
[WhiteTitle "GM"]
[BlackTitle "GM"]
[WhiteElo "2717"]
[BlackElo "2557"]
[WhiteFideId "608742"]
[BlackFideId "14907526"]
[EventDate "2014.06.19"]

1. Nf3 d5 2. g3 c6 3. Bg2 Nf6 4. O-O Bf5 5. c4 e6 6. cxd5 exd5 7. d3 Be7 8. Qb3
Qb6 9. Qc2 O-O 10. Nc3 h6 11. e4 dxe4 12. dxe4 Bh7 13. Be3 Qa5 14. h3 Bb4 15.
Nd4 Re8 16. Nb3 Qd8 17. Rad1 Qe7 18. f3 Na6 19. Bf2 Nc5 20. a3 Nxb3 21. Qxb3 Bc5
22. Kh2 Bxf2 23. Rxf2 Rad8 24. Rfd2 Rxd2 25. Rxd2 Kh8 26. Qd1 Qc5 27. Rd8 Rxd8
28. Qxd8+ Bg8 29. Qc7 Qf2 30. Qxb7 Nh5 31. Qb8 a5 32. g4 Nf6 33. Na4 Qd4 34. b3
Nd7 35. Qg3 f6 36. f4 g5 37. fxg5 hxg5 38. h4 gxh4 39. Qxh4+ Kg7 40. Qg3 Kg6 41.
Nc3 Bxb3 42. Ne2 Qe5 43. Nf4+ Kg5 44. Nh3+ Kg6 45. Nf4+ Kg5 46. Nh3+ Kg6 47.
Nf4+ Kg5 48. Nh3+ Kg6 49. Nf4+ Kg5 1/2-1/2

[Event "FIDE World Blitz 2014"]
[Site "Dubai UAE"]
[Date "2014.06.19"]
[Round "9.10"]
[White "Sargissian, Gabriel"]
[Black "Gundavaa, Bayarsaikhan"]
[Result "1-0"]
[WhiteTitle "GM"]
[BlackTitle "GM"]
[WhiteElo "2686"]
[BlackElo "2501"]
[WhiteFideId "13300881"]
[BlackFideId "4901045"]
[EventDate "2014.06.19"]

1. d4 Nf6 2. Nf3 e6 3. c4 d5 4. Nc3 Bb4 5. Bg5 Nbd7 6. cxd5 exd5 7. Qc2 h6 8.
Bh4 g5 9. Bg3 Ne4 10. Nd2 Nxg3 11. hxg3 Nb6 12. a3 Bd6 13. e4 dxe4 14. Ndxe4 Be7
15. O-O-O c6 16. Be2 Nd5 17. Bc4 Bg4 18. Rde1 Be6 19. Nc5 Bxc5 20. dxc5 Qd7 21.
Bxd5 cxd5 22. Rd1 O-O-O 23. Ne4 Kb8 24. Nd6 Qc6 25. b4 Rxd6 26. cxd6 Qxd6 27.
Kb2 Rc8 28. Qd2 Qe5+ 29. Qd4 Qf5 30. Rc1 Re8 31. Rxh6 Bd7 32. Rh8 a6 33. Rxe8+
Bxe8 34. Re1 1-0